|
|
|
|
| LEADER |
01125nam a2200277 a 4500 |
| 001 |
4697511 |
| 008 |
090526s2004 nyua b 001 0 eng d |
| 010 |
|
|
|a \\\82020112
|
| 020 |
|
|
|a 0471873160 (pbk.) :
|c $24.95 (est.)
|
| 020 |
|
|
|a 9780471873167 :
|c $34.95
|
| 020 |
|
|
|a 0471873179 :
|c $34.95
|
| 040 |
|
|
|a DLC
|c DLC
|d DLC
|
| 082 |
0 |
0 |
|a 521/.5
|2 22
|
| 100 |
1 |
|
|a Shapiro, Stuart L.
|q (Stuart Louis),
|d 1947-
|
| 245 |
1 |
0 |
|a Black holes, white dwarfs, and neutron stars :
|b the physics of compact objects /
|c Stuart L. Shapiro, Saul A. Teukolsky.
|
| 260 |
|
|
|a New York :
|b Wiley-VCH Verlag GMBH,
|c 2004.
|
| 300 |
|
|
|a xvii, 645 p. :
|b ill. ;
|c 24 cm.
|
| 500 |
|
|
|a "A Wiley-Interscience publication."
|
| 504 |
|
|
|a Bibliography: p. 593-620.
|
| 504 |
|
|
|a Includes index.
|
| 541 |
1 |
|
|e 00016296
|
| 650 |
|
0 |
|a Compact objects (Astronomy)
|
| 700 |
1 |
|
|a Teukolsky, Saul A.
|q (Saul Arno),
|d 1947-
|
| 852 |
4 |
|
|a Ayesha Abed Library
|j General shelf
|
| 999 |
|
|
|c 1108
|d 1108
|
| 952 |
|
|
|0 0
|1 0
|2 ddc
|4 0
|6 521_500000000000000_SHA_2004
|7 0
|9 1000
|a BRACUL
|b BRACUL
|c GEN
|d 2009-06-24
|g 8700.00
|l 7
|m 24
|o 521.5 SHA
|p 3010016296
|r 2025-10-24
|s 2025-05-25
|t 1
|w 2009-06-24
|y BK
|